Linear analysis : (Record no. 6964)
[ view plain ]
| 000 -LEADER | |
|---|---|
| fixed length control field | 00759cam a22002411 4500 |
| 001 - CONTROL NUMBER | |
| control field | 6964 |
| 003 - CONTROL NUMBER IDENTIFIER | |
| rucl marc code | BD-RjUL |
| 005 - DATE AND TIME OF LATEST TRANSACTION | |
| control field | 20211208234339.0 |
| 008 - FIXED-LENGTH DATA ELEMENTS--GENERAL INFORMATION | |
| fixed length control field | 140113s1964 nyu 000 0 eng |
| 035 ## - SYSTEM CONTROL NUMBER | |
| System control number | (BD-RjUL)7006 |
| System control number | (OCoLC)1036412 |
| 040 ## - CATALOGING SOURCE | |
| Original cataloging agency | DLC |
| Transcribing agency | OYU |
| Modifying agency | OCoLC |
| -- | DLC |
| -- | BD-RjUL |
| Language of cataloging | eng |
| 041 ## - LANGUAGE CODE | |
| Language code of text/sound track or separate title | eng |
| 082 00 - DEWEY DECIMAL CLASSIFICATION NUMBER | |
| Classification number | 512.89 |
| Author mark and year | ZAL 1964 |
| 100 1# - MAIN ENTRY--PERSONAL NAME | |
| Personal name | Zaanen, Adriaan C. |
| Fuller form of name | (Adriaan Cornelis), |
| Dates associated with a name | 1913- |
| 9 (RLIN) | 21839 |
| 245 10 - TITLE STATEMENT | |
| Title | Linear analysis : |
| Remainder of title | Measure and integral, Banach and Hilbert space, linear integral equations / |
| Statement of responsibility, etc. | Adriaan Cornelis Zaanen. |
| 260 ## - PUBLICATION, DISTRIBUTION, ETC. (IMPRINT) | |
| Place of publication, distribution, etc. | Amsterdam : |
| Name of publisher, distributor, etc. | North-Holland Publishing, |
| Date of publication, distribution, etc. | 1964. |
| 300 ## - PHYSICAL DESCRIPTION | |
| Pagination | 600 p. ; |
| Size | 24 cm. |
| 650 #0 - SUBJECT ADDED ENTRY--TOPICAL TERM | |
| Topical term or geographic name as entry element | Linear programming. |
| 9 (RLIN) | 6536 |
| 942 ## - ADDED ENTRY ELEMENTS (KOHA) | |
| Source of classification or shelving scheme | Dewey Decimal Classification |
| Koha item type | Books |
| Lost status | Source of classification or shelving scheme | Damaged status | Not for loan | Collection code | Permanent Location | Current Location | Shelving location | Date acquired | Source of acquisition | Cost, normal purchase price | Total Checkouts | Full call number | Date last seen | Copy number | Koha item type |
|---|---|---|---|---|---|---|---|---|---|---|---|---|---|---|---|
| Dewey Decimal Classification | Not For Loan | Non-fiction | Central Library, University of Rajshahi | Central Library, University of Rajshahi | Reading Room | 08/12/1967 | Book view ,Dacca. | 72.00 | 512.89 ZAL 1964 | 13/01/2014 | C-1 | Books |